000 00496cam a2200145 4500500
005 20251228074217.0
041 _afre
042 _adc
100 1 0 _aBodin, Thierry
_eauthor
245 0 0 _aSOCIETE DES AMIS D’HONORE DE BALZAC ET DE LA MAISON DE BALZAC 2006
260 _c2009.
500 _a65
786 0 _nL'Année balzacienne | 9 | 1 | 2009-01-19 | p. 465c-478c | 0084-6473
856 4 1 _uhttps://shs.cairn.info/revue-l-annee-balzacienne-2008-1-page-465c?lang=fr&redirect-ssocas=7080
999 _c1597178
_d1597178